000 00617nam a2200181Ia 4500
001 7673
005 20260306160512.0
008 260306t2011||||xx |||||||||||||| ||spa||
041 _aESP
082 _a353.88284
_bS747B
100 _aSistema Nacional de Evaluación, Acreditación y Certificación de la Calidad Educativa
_eAUT
245 0 _aEstánderes y criterios de evaluación para la acreditación de las carreras de salud de los institutos y escuelas de educación superior tecnológica
260 _c2011
300 _a97 páginas :
_c29 cm.
650 _aGEN
654 _aCAN
942 _cLIB
_dJUS
_fJUS
_2ddc
_n
999 _c7673
_d7673